Spanglish: the shooting script

Salvato in:
Dettagli Bibliografici
Autore principale: Brooks, James L (Autore)
Natura: Libro
Lingua:inglese
Pubblicazione: Nueva York Newmarket Press 2004
Edizione:1a. ed
Soggetti:
Tags: Aggiungi Tag
Nessun Tag, puoi essere il primo ad aggiungerne!!

MARC

LEADER 00000cam a2200000 a 4500
001 UCE9551
003 CL-VaPUC
008 151029e20040000us |||||||||||||||||eng|d
020 |a 1557046603 
082 0 4 |a 791.4372  |b BRO  |2 21 
100 0 |a Brooks, James L  |e author  |9 582415 
245 1 0 |a Spanglish: the shooting script 
250 |a 1a. ed 
300 |a 195 p 
942 |c BK 
945 |d 20151029 22:28:00  |a dcastane 
260 |a Nueva York  |b Newmarket Press  |c 2004 
650 0 |a Guiones cinematográficos   |9 266811 
650 0 |a Cine  |9 225706 
583 |a last modification  |c 20151029 22:28:00  |k Rodrigo Vera 
999 |c 361215  |d 361213 
952 |0 0  |1 0  |3 erb  |4 0  |6 791_437200000000000_BRO_2004  |7 0  |8 A  |9 471605  |a BIBEDU  |b BIBEDU  |i 5245613  |o 791.4372 BRO 2004  |p 5245613  |r 2019-11-24  |w 2019-11-24  |y BK  |z Catalogado en:20151029  |k LIT